01647nam a22003497a 4500003000500000005001700005008004100022010001100063011001100074035001100085040000900096082001800105100004100123245016600164246012100330260006800451300003000519590004100549590004100590590004100631590004200672650002400714650002400738650003100762901000700793942001000800949008100810949008600891999001900977952014800996952015301144CHAP20220329143740.0110531s1970 mx a r 00010 spa d a101363 a102335 a113023 cCHAP04a621.8672bH431 aHerrera Fernández, Gustavo.95486810aCurso nacional de instalación de tuberías de asbesto - cemento y plástico (2o.) :bel asbesto - cemento y el agua potablec/por Gustavo Herrera Fernández3 iEn portada :aCurso nacional de instalación de tuberías de asbesto cemento, plástico y piezas especiales (2o.) aMonterrey, N.L. :bSecretaría de Recursos Hidraulicos ,c1970 a[200 p.] :bilus., tablas aBATCH-UPDb10c20130110lUCH01h1604 aBATCH-UPDb10c20130410lUCH01h1001 aBATCH-UPDb10c20130914lUCH01h1612 aCONVERSIONb10c20130109lUCH01h135614aPlásticos.98919614aTuberías.911547614aTubos de concreto.9115494 aBK cLIBRO a621.8672 H43bBCcLIBROd33724002247579eLIBROgDonaciØnh115092i113023sb a621.8672 H43bBCcLIBROd33724002304520eLIBROfc.2gDonaciØnh115555i113023sb c101363d101363 00102ddc4052708GRALaBCbBCcPP_GRALd2019-12-31eDonacionfLIBROl0o621.8672 H43p33724002247579r2019-12-31 00:00:00w2019-12-31yLIBRO 00102ddc4052708GRALaBCbBCcPP_GRALd2019-12-31eDonacionfLIBROl0o621.8672 H43p33724002304520r2019-12-31 00:00:00tc.2w2019-12-31yLIBRO